Psicología del arte

Uloženo v:
Podrobná bibliografie
Hlavní autor: Delacroix, Henri Joachim (Autor)
Médium: Kniha
Jazyk:španělština
Vydáno: Buenos Aires El Ateneo 1951
Témata:
Tagy: Přidat tag
Žádné tagy, Buďte první, kdo vytvoří štítek k tomuto záznamu!

MARC

LEADER 00000nam a2200000 a 4500
001 UCV7750
003 CL-VaPUC
008 890721e19510000AG |||||||||||||||||spa|d
082 0 4 |a 701.15  |b DEL  |2 21 
100 0 |a Delacroix, Henri Joachim  |e author  |9 301882 
245 1 0 |a Psicología del arte 
300 |a 394 p 
942 |c BK 
945 |d 19890721 00:00:00 
260 |a Buenos Aires  |b El Ateneo  |c 1951 
650 0 |a Filosofía del arte  |9 264951 
650 0 |a Estética musical  |9 265497 
650 7 |a SIMBOLISMO EN LA MUSICA  |2 CL-VaPUC  |9 265498 
583 |a last modification  |c 19890721 00:00:00  |k Rodrigo Vera 
999 |c 213384  |d 213382 
952 |0 0  |1 0  |4 0  |6 701_150000000000000_DEL_1951  |7 0  |8 P  |9 195720  |a BIBARQ  |b BIBARQ  |d 2019-11-14  |i 2637170  |o 701.15 DEL 1951  |p 2637170  |r 2025-01-20  |w 2019-11-14  |y BK  |k ARQ